Statistics for Queen Songs

Click here to take the quiz!

General Stats

  • This quiz has been taken 4,814 times
    (136 since last reset)
  • The average score is 60 of 151

Answer Stats

Queen % Correct
Bohemian Rhapsody
95%
We Will Rock You
84%
We Are the Champions
84%
Killer Queen
81%
Radio Ga Ga
80%
Another One Bites the Dust
77%
Don't Stop Me Now
77%
I Want to Break Free
75%
A Kind of Magic
75%
Under Pressure
73%
Fat Bottomed Girls
72%
Bicycle Race
70%
Somebody to Love
70%
Innuendo
68%
Crazy Little Thing Called Love
66%
The Show Must Go On
63%
Love of My Life
61%
Hammer to Fall
61%
Seven Seas of Rhye
61%
You're My Best Friend
59%
Play the Game
58%
I'm in Love with My Car
58%
One Vision
56%
I Want It All
54%
The Miracle
54%
Sheer Heart Attack
53%
Made in Heaven
52%
Keep Yourself Alive
51%
It's a Hard Life
51%
Who Wants to Live Forever
51%
Save Me
49%
Good Old-Fashioned Lover Boy
49%
I'm Going Slightly Mad
49%
These Are the Days of Our Lives
48%
'39
48%
Princes of the Universe
48%
Brighton Rock
47%
Liar
47%
Friends Will Be Friends
47%
Breakthru
46%
Death on Two Legs (Dedicated to...)
46%
God Save the Queen
46%
Tie Your Mother Down
44%
Now I'm Here
44%
Stone Cold Crazy
43%
Spread Your Wings
43%
I Was Born to Love You
42%
Mustapha
42%
Dragon Attack
41%
Too Much Love Will Kill You
41%
Lazing on a Sunday Afternoon
41%
Cool Cat
39%
The March of the Black Queen
39%
Delilah
39%
White Queen (as It Began)
39%
Jesus
38%
Teo Torriatte (Let Us Cling Together)
38%
In the Lap of the Gods
38%
Headlong
38%
The Invisible Man
38%
Heaven for Everyone
37%
Lily of the Valley
37%
The Prophet's Song
37%
Tenement Funster
35%
My Fairy King
35%
Bijou
35%
The Words of Love
35%
Don't Try Suicide
35%
Is This the World We Created...?
34%
Body Language
34%
Great King Rat
34%
Nevermore
34%
Doing All Right
34%
The Millionaire Waltz
34%
All Dead, All Dead
34%
You and I
33%
It's Late
33%
You Take My Breath Away
33%
Son and Daughter
33%
Get Down, Make Love
33%
Seaside Rendezvous
33%
My Melancholy Blues
33%
Bring Back That Leroy Brown
33%
Ogre Battle
33%
More of That Jazz
33%
Father to Son
32%
Procession
32%
Sail Away Sweet Sister
32%
Staying Power
32%
Back Chat
32%
Mother Love
32%
Jealousy
32%
Life Is Real (Song for Lennon)
32%
Drowse
32%
Don't Lose Your Head
30%
You Don't Fool Me
30%
Scandal
30%
It's A Beautiful Day (Reprise) / Yeah
30%
Good Company
30%
The Night Comes Down
30%
White Man
30%
Sleeping on the Sidewalk
30%
Rock It (Prime Jive)
30%
Sweet Lady
30%
Long Away
29%
Gimme the Prize (Kurgan's Theme)
29%
Modern Times Rock 'n' Roll
29%
Khashoggi's Ship
29%
Misfire
29%
Party
29%
Let Me Entertain You
29%
Fight from the Inside
28%
Who Needs You
28%
Fun It
28%
I Can't Live with You
28%
In Only Seven Days
28%
Was It All Worth It
28%
Dreamer's Ball
28%
Flick of the Wrist
28%
It's a Beautiful Day
28%
A Winter's Tale
28%
Ride the Wild Wind
28%
She Makes Me (Stormtrooper in Stilettoes)
27%
The Hitman
27%
Let Me Live
27%
The Fairy Feller's Master-Stroke
27%
Calling All Girls
27%
One Year of Love
27%
Tear It Up
27%
Put Out the Fire
27%
Pain Is So Close to Pleasure
27%
Rain Must Fall
25%
Dancer
25%
Man on the Prowl
25%
Dear Friends
25%
Keep Passing the Open Windows
25%
Leaving Home Ain't Easy
25%
In the Lap of the Gods (Revisited)
25%
Need Your Loving Tonight
24%
All God's People
24%
Don't Try So Hard
24%
Coming Soon
24%
Dead on Time
24%
The Loser in the End
24%
Some Day One Day
24%
Action This Day
24%
If You Can't Beat Them
23%
My Baby Does Me
23%
Funny How Love Is
22%
My Life Has Been Saved
22%
Machines (Back to Humans)
16%

Score Distribution

Percentile by Number Answered

Percent of People with Each Score

Your Score History

You have not taken this quiz since the last reset